Quizzes
Events
Quiz Creation
Community
Videos
Private Events
Remove Ads
Sign In
Join for FREE
Feedback
Dark Mode
Quiz Categories
Sports
Geography
Music
Movies
Television
Just For Fun
Miscellaneous
History
Literature
Language
Science
Gaming
Entertainment
Religion
Holiday
For Kids
Quiz Lab
Recent
Popular Today
Quiz Kudos Today
Editor Picks
Curator Picks
Quizzes by...
Day
Popularity
Type
Ratings
Length
Year
Community
Subscriptions
Recent Discussions
Orange Saloon
Badges
Playlists
Quests
Create
Leaderboards
Showdown
Live 5
Trivia Bingo
Activity
Puzzle Library
Sporcle Events
Private Events
Virtual Trivia
Globe League
Become a Host
Pub Owners
SporcleCon
Opinionation
Our Games
Videos
Blog
Mobile Apps
Partnerships
Remove Ads and Go Orange
Feedback
Literature
Harry Potter
A Song of Ice and Fire
The Hunger Games
Literary Character
Shakespeare
Book
Author
Novel
Poem
Young Adult
Children's Books
Play
Lord of the Rings
Literature
Harry Potter
A Song of Ice and Fire
The Hunger Games
Literary Character
Shakespeare
Book
Author
Novel
Poem
Young Adult
Children's Books
Play
Lord of the Rings
Random Quiz
Search Sporcle
×
Featured
Featured
Literature
Harry Potter
Select answers by clicking on text or image buttons
Select answers by clicking on text or image buttons
Clickable
Best Score? Go Orange.
Sort the Harry Potter Chapters Stats
Can you pick the Harry Potter book which contains the given chapter?
By
kimaire
15m
199 Questions
21.1K Plays
21,068 Plays
21,068 Plays
Comments
Comments
Give Quiz Kudos
Give Quiz Kudos
-
- Ratings
hide this ad
Forced Order
Answers have to be entered in order
Answers have to be entered in order
Replay
Link that replays current quiz
Next Quiz
Link to next quiz in quiz playlist
You Got
0%
They Got
Avg Score
51%
Avg Friend Score
Upgrade to see
Score Distribution
Jump to the score distribution portion of the page
Score
0/199
Timer
15:00
0
Plays Today
% Correct
Sorcerer's Stone
63.2%
Order of the Phoenix
62.4%
Sorcerer's Stone
62.1%
Chamber of Secrets
61.8%
Chamber of Secrets
61.3%
Goblet of Fire
60.8%
Prisoner of Azkaban
60.8%
Goblet of Fire
60.7%
Half-Blood Prince
60.6%
Goblet of Fire
60.6%
Goblet of Fire
60.5%
Goblet of Fire
60.5%
Order of the Phoenix
60.4%
Sorcerer's Stone
60.4%
Half-Blood Prince
60%
Sorcerer's Stone
60%
Sorcerer's Stone
59.9%
Chamber of Secrets
59.9%
Goblet of Fire
59.9%
Sorcerer's Stone
59.8%
Sorcerer's Stone
59.8%
Chamber of Secrets
59.8%
Prisoner of Azkaban
59.7%
Order of the Phoenix
59.6%
Sorcerer's Stone
59.5%
Half-Blood Prince
59.4%
Goblet of Fire
59.3%
Deathly Hallows
59.3%
Goblet of Fire
59.2%
Prisoner of Azkaban
59.1%
Deathly Hallows
59.1%
Order of the Phoenix
59.1%
Deathly Hallows
59.1%
Prisoner of Azkaban
59%
Deathly Hallows
58.8%
Goblet of Fire
58.8%
Order of the Phoenix
58.8%
Deathly Hallows
58.7%
Sorcerer's Stone
58.6%
Deathly Hallows
58.6%
Goblet of Fire
58.5%
Chamber of Secrets
58.4%
Goblet of Fire
58.4%
Order of the Phoenix
58.1%
Order of the Phoenix
58%
Deathly Hallows
57.9%
Order of the Phoenix
57.7%
Chamber of Secrets
57.7%
Sorcerer's Stone
57.6%
Order of the Phoenix
57.5%
Deathly Hallows
57.5%
Prisoner of Azkaban
57.4%
Order of the Phoenix
57.4%
Deathly Hallows
57.3%
Chamber of Secrets
57.3%
Goblet of Fire
57.2%
Prisoner of Azkaban
57.2%
Chamber of Secrets
57.1%
Deathly Hallows
57.1%
Prisoner of Azkaban
57.1%
Chamber of Secrets
57.1%
Deathly Hallows
57.1%
Goblet of Fire
56.9%
Prisoner of Azkaban
56.9%
Prisoner of Azkaban
56.8%
Deathly Hallows
56.7%
Deathly Hallows
56.6%
% Correct
Half-Blood Prince
56.5%
Goblet of Fire
56.5%
Order of the Phoenix
56.5%
Goblet of Fire
56.4%
Chamber of Secrets
56.3%
Goblet of Fire
56.3%
Half-Blood Prince
56.2%
Sorcerer's Stone
56.2%
Deathly Hallows
56.1%
Prisoner of Azkaban
55.8%
Sorcerer's Stone
55.8%
Sorcerer's Stone
55.8%
Sorcerer's Stone
55.7%
Deathly Hallows
55.7%
Half-Blood Prince
55.6%
Sorcerer's Stone
55.6%
Goblet of Fire
55.5%
Sorcerer's Stone
55.5%
Deathly Hallows
55.4%
Chamber of Secrets
55.2%
Deathly Hallows
55.2%
Chamber of Secrets
55%
Chamber of Secrets
54.8%
Half-Blood Prince
54.8%
Prisoner of Azkaban
54.7%
Chamber of Secrets
54.7%
Goblet of Fire
54.7%
Deathly Hallows
54.4%
Chamber of Secrets
54.4%
Order of the Phoenix
54.2%
Prisoner of Azkaban
54.2%
Half-Blood Prince
54.1%
Order of the Phoenix
54%
Prisoner of Azkaban
53.8%
Half-Blood Prince
53.7%
Order of the Phoenix
53.6%
Deathly Hallows
53.5%
Deathly Hallows
53.4%
Goblet of Fire
53.3%
Chamber of Secrets
52.6%
Order of the Phoenix
52.5%
Half-Blood Prince
52.4%
Sorcerer's Stone
52.2%
Prisoner of Azkaban
52.1%
Half-Blood Prince
51.9%
Order of the Phoenix
51.8%
Half-Blood Prince
51.8%
Order of the Phoenix
51.7%
Chamber of Secrets
51.6%
Deathly Hallows
51.6%
Order of the Phoenix
51.5%
Half-Blood Prince
51.1%
Goblet of Fire
51%
Deathly Hallows
51%
Order of the Phoenix
50.9%
Goblet of Fire
50.4%
Deathly Hallows
50.3%
Prisoner of Azkaban
50.3%
Half-Blood Prince
50.1%
Order of the Phoenix
49.9%
Half-Blood Prince
49.9%
Deathly Hallows
49.9%
Order of the Phoenix
49.7%
Half-Blood Prince
49.7%
Order of the Phoenix
49.6%
Goblet of Fire
49.5%
Order of the Phoenix
49.4%
% Correct
Deathly Hallows
49.4%
Deathly Hallows
49.2%
Deathly Hallows
49.2%
Goblet of Fire
49%
Deathly Hallows
48.8%
Order of the Phoenix
48.8%
Goblet of Fire
48.4%
Half-Blood Prince
47.9%
Goblet of Fire
47.8%
Order of the Phoenix
47.2%
Prisoner of Azkaban
47.2%
Half-Blood Prince
47.2%
Deathly Hallows
46.8%
Order of the Phoenix
46.6%
Deathly Hallows
46.6%
Deathly Hallows
45.9%
Order of the Phoenix
45.8%
Order of the Phoenix
45.6%
Half-Blood Prince
45.5%
Deathly Hallows
45.5%
Half-Blood Prince
45.3%
Prisoner of Azkaban
45.2%
Half-Blood Prince
44.6%
Prisoner of Azkaban
43.7%
Prisoner of Azkaban
43.2%
Deathly Hallows
43%
Order of the Phoenix
42.4%
Half-Blood Prince
42.3%
Goblet of Fire
42.3%
Goblet of Fire
42.1%
Chamber of Secrets
42%
Goblet of Fire
41.7%
Deathly Hallows
41.4%
Goblet of Fire
41.4%
Prisoner of Azkaban
41.2%
Order of the Phoenix
41%
Goblet of Fire
40.9%
Goblet of Fire
40.8%
Deathly Hallows
40.8%
Order of the Phoenix
40.5%
Order of the Phoenix
40.3%
Deathly Hallows
40.3%
Goblet of Fire
40.3%
Prisoner of Azkaban
39.5%
Half-Blood Prince
39.3%
Half-Blood Prince
38.9%
Half-Blood Prince
38.7%
Goblet of Fire
38.6%
Deathly Hallows
38.3%
Half-Blood Prince
37.8%
Order of the Phoenix
37.6%
Half-Blood Prince
37.3%
Prisoner of Azkaban
37%
Goblet of Fire
36.2%
Order of the Phoenix
36%
Order of the Phoenix
35.9%
Half-Blood Prince
35.7%
Half-Blood Prince
35.5%
Goblet of Fire
35%
Order of the Phoenix
34.4%
Order of the Phoenix
34.2%
Goblet of Fire
32.9%
Order of the Phoenix
32.8%
Half-Blood Prince
32.7%
Goblet of Fire
31.7%
Quiz Playlist
Details
Report
Send in Message
Add To Playlist
Clickable:
Select answers by clicking on text or image buttons
Forced Order:
Answers have to be entered in order
Quiz Source
Last Updated: Apr 19, 2021
Featured
Quiz Scoreboard
CHALLENGE
Sign Up to Join the Scoreboard
Show All
Scores
Hide
Comments
May contain spoilers
Recently Published
Popular People in 1961
by mucciniale
History
6m
1-10 Letter E Words III
by El_Dandy
Language
2m
One Thing in Common: World Cities II
by knightlancer
Geography
7m
More to Explore
Quiz From the Vault
Featured Blog Post
Where Did the Easter Bunny Come From?
hide this ad
You Might Also Like...
Tags
Harry Potter Quiz
Chapter
Chapters From
Chapter Titles
Today's Top Quizzes in Literature
Browse Literature
hide this ad
Today's Top Quizzes in Harry Potter
Browse Harry Potter
Top Contributed Quizzes in Literature
1
Sneaky Slytherin Logic Puzzle
2
Get The Picture: Black or White Literature
3
One Thing in Common: Literature
4
Weasley Family Reunion: Logic Puzzle
5
Lily Potter Start to Finish
6
James Potter Start to Finish
7
ASOIAF Logic Puzzle [Difficult] [Read Note first!!]
8
One piece logic quiz 3 (Hard difficulty)
9
One Thing in Common: Books
10
Harry Potter and the Philosopher's Stone Logic Puzzle
Explore More
Trending Topics
Kpop
Crossword
NBA
Marvel
Harry Potter
Disney
Anime
Country
The Office
Puzzle
WWE
Song
Soccer
Pokémon
NFL
hide this ad
More By:
kimaire
Quiz
Plays
Rating
Category
Featured
Created
Sort the Harry Potter Chapters
21,068
4.49
Literature
Oct 6, 2012
HP 1 Chapters in Order
641
4.00
Literature
Apr 20, 2012
HP 2 Chapters in Order
345
3.00
Literature
Apr 20, 2012
HP 3 Chapters in Order
296
3.00
Literature
Apr 20, 2012
Hamilton Repeated Lyrics
122
4.00
Entertainment
Jul 25, 2019
Go to Creator's Profile
Score Distribution
Quiz Creator Spotlight
kimaire
Follow
Send a Message
Quizzes Created
-
Created Quiz Play Count
-
More By This Creator
Popular Quizzes Today
1
Find the US States - No Outlines Minefield
2
The Countries of the World
3
Find the Countries of Europe - No Outlines Minefield
4
Popular People in 1961
5
1-10 Letter E Words III
6
Find the US States
7
One Thing in Common: World Cities II
8
US States
More Literature Quizzes
A Growing Grid of Animal Characters in Books
Editor's Pick
Trending Quizzes
Risky Map Clicking: Least Populous States A-Z
1-10 Letter F Words
1-10 Letter G Words
One Thing in Common: United Kingdom
Risky Map Clicking: Next State Alphabetically
Recently Updated
Leaping Animals
pecheneg
Reality TV Shows (A-Z)
bhenderson79
Rickey Henderson's Hall of Fame Teammates
pecheneg
Champions League XIs: Arsenal
pecheneg
Quick Pick: Celebrities in WWE's Hall of Fame
aduchscher
A-Z Keypad Blitz II
pecheneg
Multiple Oscar Actors
pecheneg
Mystery Phrase Blitz: Oscar 'Best Actors'
pecheneg
F. Scott Fitzgerald Novels
LTH
Pick 3 Villains
ddd62291
Trending Topics
NBA
Anime
Disney
Crossword
Harry Potter
Marvel
Kpop
Puzzle
Soccer
The Office
NFL
Song
Pokémon
Country
WWE
Your Account Isn't Verified!
In order to create a playlist on Sporcle, you need to verify the email address you used during registration. Go to your
Sporcle Settings
to finish the process.
Report this User
Report this user for behavior that violates our
Community Guidelines
.
Details:
Send Report
Go to the Sporcle.com Mobile Site →
Comments